00635nam a2200229Ia 4500003000400000005001700004006001900021007000300040008004100043020001100084024001100095037001200106040002000118041001300138082002100151100002800172245012400200260004900324300001500373490000900388650000800397OSt20221006144131.0a|||||r|||| 00| 0 ta221006b |||||||| |||| 00| 0 eng d c£6.00 a10,961 cTextual aEASLcEASLbeng 2engaeng aR3,(Q8413):g, L4 aBINGHAM Irwin Drake Jr. 0aCommunication and the Taob A study of the communication theory implicit in the Taoist and Buddhist traditions of China aMichiganbUniversity of Microfilms c1971 a153p.ccm. v CEL aCEL